Amul india story / (Record no. 127228)

MARC details
000 -LEADER
fixed length control field 00728nam a22002297a 4500
005 - DATE AND TIME OF LATEST TRANSACTION
control field 20170124110021.0
010 ## - LIBRARY OF CONGRESS CONTROL NUMBER
LC control number A-853471
020 ## - INTERNATIONAL STANDARD BOOK NUMBER
International Standard Book Number 0074631608
Terms of availability 00.00
035 ## - SYSTEM CONTROL NUMBER
System control number A-853471
037 ## - SOURCE OF ACQUISITION
Source of stock number/acquisition Cen Lib/Ret
040 ## - CATALOGING SOURCE
Original cataloging agency DPL
Language of cataloging EN
082 ## - DEWEY DECIMAL CLASSIFICATION NUMBER
Classification number 334.68371
Item number HER
100 ## - MAIN ENTRY--PERSONAL NAME
Personal name Heredia, Ruth
9 (RLIN) 19855
245 ## - TITLE STATEMENT
Title Amul india story /
Statement of responsibility, etc by Ruth Heredia
260 ## - PUBLICATION, DISTRIBUTION, ETC. (IMPRINT)
Place of publication, distribution, etc New Delhi
Name of publisher, distributor, etc Tata McGraw-Hill Publishing Company
Date of publication, distribution, etc 1997
270 ## - ADDRESS
Address 4/12 asaf ali road
City New Delhi
Postal code 110002
300 ## - PHYSICAL DESCRIPTION
Extent xv, 297p. ;
Dimensions 21cm(Hb)
Other physical details ill.
500 ## - GENERAL NOTE
General note includes bibliographical references and appendix
650 ## - SUBJECT ADDED ENTRY--TOPICAL TERM
Topical term or geographic name as entry element Story
Geographic subdivision Rural India
9 (RLIN) 19856
650 ## - SUBJECT ADDED ENTRY--TOPICAL TERM
Topical term or geographic name as entry element Cooperative movement
9 (RLIN) 19857
942 ## - ADDED ENTRY ELEMENTS (KOHA)
Source of classification or shelving scheme Dewey Decimal Classification
Koha item type English Books
Classification part 334.68371
Call number suffix HER
Holdings
Withdrawn status Lost status Damaged status Not for loan Home library Current library Date acquired Source of acquisition Cost, normal purchase price Total Checkouts Total Renewals Full call number Barcode Date last seen Date checked out Copy number Cost, replacement price Price effective from Koha item type Public note
Written off       Central Library Central Library 29/06/2015 Cen Lib/Ret 0.00 1 1 334.68371 HER A-853471 13/09/2018 30/07/2018 1 0.00 29/06/2015 English Books W/d list no. 6820/20

© Delhi Public Library
Hit Counter
free hit counter